LEADER 00844nam0-22002891i-450 001 990001708200403321 005 20190607101919.0 035 $a000170820 035 $aFED01000170820 035 $a(Aleph)000170820FED01 035 $a000170820 100 $a20030910d1981----km-y0itay50------ba 101 0 $aeng 200 1 $aAdvances in potato management$fedited by James H. Lashomb, Richard Casagrande 210 $aStroudsburg-Pennsylvania$cHutchinson Ross Publ. Co.$d1981 215 $aXII, 288 p.$d24 cm 610 0 $aPatate 676 $a635.21 702 1$aCasagrande,$bRichard 702 1$aLashomb,$bJames H. 801 0$aIT$bUNINA$gRICA$2UNIMARC 901 $aBK 912 $a990001708200403321 952 $a60 635.21 LASJ 1981$b48307$fFAGBC 959 $aFAGBC 996 $aADVANCES in potato management$9359251 997 $aUNINA LEADER 00701nam a22002053a 4500 001 991003772859707536 008 080704s 000 0 eng d 020 $a0670862312 035 $ab13749225-39ule_inst 040 $aDip.to Lingue$bita 100 1 $aMiller, Alex$0628904 245 14$aThe Sitters /$cAlex Miller 260 $aRingwood, Vic. :$bViking,$c1995 300 $a131 p. ;$c21 cm 907 $a.b13749225$b28-01-14$c04-07-08 912 $a991003772859707536 945 $aLE012 Fondo Commonwealth 3-6-54$g1$i2012000304284$lle012$o-$pE0.00$q-$rn$so $t0$u0$v0$w0$x0$y.i14794391$z04-07-08 996 $aSitters$91226550 997 $aUNISALENTO 998 $ale012$b04-07-08$cm$da $e-$feng$gat $h4$i0